| 000 | 00694nam a2200217Ia 4500 | ||
|---|---|---|---|
| 003 | OSt | ||
| 005 | 20240515113158.0 | ||
| 008 | 210210b1988 xxu||||| |||| 00| 0 eng d | ||
| 040 | _cAL | ||
| 041 | _aKannada | ||
| 082 | _aK894.3 YANA | ||
| 100 |
_aYANDAMURI VIRENDRANATH. _dಯಂಡಮೂರಿ ವೀರೇಂದ್ರನಾಥ _9164575 |
||
| 245 |
_aAndhakaradalli surya _bಅಂಧಕಾರದಲ್ಲಿ ಸೂರ್ಯ |
||
| 260 |
_aBengaluru _bHamsadhvani Prakashana _c1988 |
||
| 300 | _a175 | ||
| 650 |
_aRaja Chendur _9164576 |
||
| 690 |
_aKannada Fiction _9164577 |
||
| 700 |
_aRaja Chendur _dರಾಜ ಚೆಂಡೂರ್ .tr _9164578 |
||
| 906 | _a041604 | ||
| 942 |
_2ddc _cBK |
||
| 999 |
_c91755 _d91755 |
||